Premiers ministres du Québec - Statistiques

Statistiques générales
  • Ce quiz a été pris 47 fois
  • Le résultat moyen est 20 sur 37
Statistiques - réponses
Rang Années Parti politique Réponse % Correct
32 2018-2023 CAQ François Legault
96%
29 2003-2012 Libéral Jean Charest
92%
31 2014-2018 Libéral Philippe Couillard
92%
30 2012-2014 Québécois Pauline Marois
88%
22 1970-1976 Libéral Robert Bourassa
88%
22 1985-1994 Libéral Robert Bourassa
88%
26 1994-1996 Québécois Jacques Parizeau
84%
23 1976-1985 Québécois René Lévesque
84%
28 2001-2003 Québécois Bernard Landry
80%
16 1936-1939 Union nationale Maurice Duplessis
80%
16 1944-1959 Union nationale Maurice Duplessis
80%
25 1994 (8 mois) Libéral Daniel Johnson (fils)
76%
20 1966-1968 Union nationale Daniel Johnson (père)
76%
24 1985 (2 mois) Québécois Pierre Marc Johnson
72%
19 1960-1966 Libéral Jean Lesage
68%
27 1996-2001 Québécois Lucien Bouchard
60%
15 1936 (2 mois) Libéral Adélard Godbout
56%
15 1939-1944 Libéral Adélard Godbout
56%
14 1920-1936 Libéral Louis-Alexandre Taschereau
48%
9 1887-1891 National Honoré Mercier
44%
3 1874-1878 Conservateur Charles-Eugène Boucher de Boucherville
40%
3 1891-1892 Conservateur Charles-Eugène Boucher de Boucherville
40%
13 1905-1920 Libéral Lomer Gouin
40%
1 1867-1873 Conservateur Pierre-Joseph-Olivier Chauveau
40%
17 1959-1960 Union nationale Paul Sauvé
36%
21 1968-1970 Union nationale Jean-Jacques Bertrand
32%
18 1960 (6 mois) Union nationale Antonio Barrette
28%
2 1873-1874 Conservateur Gédéon Ouimet
28%
4 1878-1879 Libéral Henri-Gustave Joly de Lotbinière
24%
10 1896-1897 Conservateur Edmund James Flynn
20%
5 1879-1882 Conservateur Joseph-Adolphe Chapleau
20%
12 1900-1905 Libéral Simon-Napoléon Parent
20%
11 1897-1900 Libéral Félix-Gabriel Marchand
16%
7 1884-1887 Conservateur John Jones Ross
16%
6 1882-1884 Conservateur Joseph-Alfred Mousseau
16%
8 1887 (4 jours) Conservateur Louis-Olivier Taillon
16%
8 1892-1896 Conservateur Louis-Olivier Taillon
16%
Aucun quiz correspondant
Distribution des résultats
% des personnes avec chaque résultat
Percentile par nombre de réponses
Votre historique - résultats
Vous n’avez pas pris ce quiz